000 00693nam a2200193 i 4500
001 69191
003 ES-MaACL
005 20230906170446.0
007 t|
008 040917s1984 sp ||||1| spa d
080 _a929 Cuervo y Valdés, Francisco
100 1 _aBenito Ruano, Eloy.
_927689
245 1 0 _aNuevos datos biográficos sobre don Francisco Cuervo y Valdés, fundador de Alburquerque (Nuevo México) /
_cpor Eloy Benito Ruano.
260 _aOviedo :
_bBoletín del Instituto de Estudios Asturianos,
_c1984.
300 _ap. [331]-344 ;
_c24 cm.
500 _aEn la port.: Separata 111.
600 1 4 _aCuervo y Valdés, Francisco.
_942031
852 _aES-MaACL
_j2180-F-3
_bR.130584
999 _c69191
_d69191